Techniques of structured problem solving / (Record no. 522521)

000 -LEADER
fixed length control field 00797pam a2200277 a 4500
001 - CONTROL NUMBER
control field 531928
003 - CONTROL NUMBER IDENTIFIER
control field NUST
005 - DATE AND TIME OF LATEST TRANSACTION
control field 20181030112844.0
008 - FIXED-LENGTH DATA ELEMENTS--GENERAL INFORMATION
fixed length control field 870303s1988 nyua b 001 0 eng
010 ## - LIBRARY OF CONGRESS CONTROL NUMBER
LC control number 87006168
020 ## - INTERNATIONAL STANDARD BOOK NUMBER
International Standard Book Number 0442288476
038 ## - RECORD CONTENT LICENSOR
Staff Name Arshad
040 ## - CATALOGING SOURCE
Original cataloging agency DLC
Transcribing agency DLC
Modifying agency DLC
050 00 - LIBRARY OF CONGRESS CALL NUMBER
Classification number HD30.29
Item number .V36 1988
082 00 - DEWEY DECIMAL CLASSIFICATION NUMBER
Classification number 658.403
Author Mark VAN
100 1# - MAIN ENTRY--PERSONAL NAME
Personal name VanGundy, Arthur B.
9 (RLIN) 12435
245 10 - TITLE STATEMENT
Title Techniques of structured problem solving /
Statement of responsibility, etc. Arthur B. VanGundy.
250 ## - EDITION STATEMENT
Edition statement 2nd ed.
260 ## - PUBLICATION, DISTRIBUTION, ETC.
Place of publication, distribution, etc. New York :
Name of publisher, distributor, etc. Van Nostrand Reinhold Co.,
Date of publication, distribution, etc. 1988.
300 ## - PHYSICAL DESCRIPTION
Extent xiv, 386 p. :
Other physical details ill. ;
Dimensions 24 cm.
500 ## - GENERAL NOTE
General note Includes index.
504 ## - BIBLIOGRAPHY, ETC. NOTE
Bibliography, etc. note Bibliography: p. 371-378.
650 #0 - SUBJECT ADDED ENTRY--TOPICAL TERM
Topical term or geographic name entry element Problem solving.
9 (RLIN) 4470
906 ## - LOCAL DATA ELEMENT F, LDF (RLIN)
a 7
b cbc
c orignew
d 1
e ocip
f 19
g y-gencatlg
942 ## - ADDED ENTRY ELEMENTS (KOHA)
Source of classification or shelving scheme
Koha item type Book
Holdings
Withdrawn status Lost status Source of classification or shelving scheme Damaged status Not for loan Collection code Permanent Location Current Location Shelving location Date acquired Total Checkouts Full call number Barcode Date last seen Copy number Price effective from Koha item type
            Central Library (CL) Central Library (CL) Book Cart 10/30/2018   658.403 VAN CL-D-29 10/30/2018 1 10/30/2018 Book
© 2023 Central Library, National University of Sciences and Technology. All Rights Reserved.